Strategická analýza

Gespeichert in:
Bibliographische Detailangaben
Hauptverfasser: Sedláčková, Helena (Verfasst von), Buchta, Karel (Verfasst von)
Format: Buch
Sprache:Tschechisch
Veröffentlicht: Praha : C. H. Beck , 2006
Ausgabe:2. prepracované a rozšírené vyd.
Schlagworte:
Tags: Tag hinzufügen
Keine Tags, Fügen Sie das erste Tag hinzu!

MARC

LEADER 00000nam a22000003a 4500
001 stu143512
005 20150617225951.8
008 070724s2006----xr------------------cze-d
020 |a 80-7179-367-1 
040 |a STU  |b slo 
041 0 |a cze 
044 |a xr 
080 |a 005.21 
100 1 |a Sedláčková, Helena  |4 aut 
245 1 |a Strategická analýza 
250 |a 2. prepracované a rozšírené vyd. 
260 |a Praha :  |b C. H. Beck ,  |c 2006 
300 |a 121 s 
650 7 |a strategický manažment  |2 stusub 
700 1 |a Buchta, Karel  |4 aut 
996 |b 284J032572  |c J*107972  |l JJSK  |s A  |a 24  |w stu143512_0001